Top 5 Songs On Because The Internet (Childish Gambino) - Statistics

General Stats
  • This quiz has been taken 19 times
  • The average score is 3 of 5
Answer Stats
Hint Answer % Correct
622,853,593 3005
100%
326,058,773 IV. Sweatpants
87%
123,992,486 I. The Worst Guys
73%
66,239,595 I.Crawl
53%
59,946,271 II. Worldstar
33%
No matching quizzes found
Score Distribution
Percent of People with Each Score
Percentile by Number Answered
Your Score History
You have not taken this quiz